Structural changes of liver and kidney in acute organophosphorus poisoning / (Record no. 79828)
[ view plain ]
| 000 -LEADER | |
|---|---|
| fixed length control field | 01221nam a22002777a 4500 |
| 001 - CONTROL NUMBER | |
| RUCL Control Number | 79828 |
| 003 - CONTROL NUMBER IDENTIFIER | |
| rucl marc code | BD-RjUL |
| 005 - DATE AND TIME OF LATEST TRANSACTION | |
| control field | 20230608124158.0 |
| 008 - FIXED-LENGTH DATA ELEMENTS--GENERAL INFORMATION | |
| fixed length control field | 220522s2005 bg a|||| m||| 00| 0 eng d |
| 035 ## - SYSTEM CONTROL NUMBER | |
| system control number | (BD-RjUL)79828 |
| 040 ## - CATALOGING SOURCE | |
| Original cataloging agency | BD-RjUL |
| Language of cataloging | eng |
| Transcribing agency | BD-RjUL |
| Modifying agency | BD-RjUL |
| 041 ## - LANGUAGE CODE | |
| Language code of Book | eng |
| 082 ## - DEWEY DECIMAL CLASSIFICATION NUMBER | |
| DDC Edition number | 23 |
| Classification number | 614.1 |
| Author mark and Year | OSS 2005 |
| 100 ## - MAIN ENTRY--PERSONAL NAME | |
| Personal name | Osman, Md. Kamal |
| 9 (RLIN) | 3108 |
| 245 10 - TITLE STATEMENT | |
| Title | Structural changes of liver and kidney in acute organophosphorus poisoning / |
| Statement of responsibility, etc | Md. Kamal Osman ; |
| Name of Supervisor/Co-Supervisor | Principal Supervisor : Parvez, Hassan, Co - Supervisor : M. Habibur Rahman, Co - Supervisor : A K M Rownak, Hossain |
| 260 ## - PUBLICATION, DISTRIBUTION, ETC. (IMPRINT) | |
| Place of publication, distribution, etc | Rajshahi : |
| Name of publisher, distributor, etc | Molecular Biology Laboratory Institute of Biological Sciences, University of Rajshahi, |
| Date of publication, distribution, etc | 2005 |
| 300 ## - PHYSICAL DESCRIPTION | |
| Pagination | # viii, # 99 leaves ; |
| Other physical details | ill, ; |
| Dimensions | 29. cm. |
| 502 ## - DISSERTATION NOTE | |
| Dissertation note | Thesis (Ph. D.) -- Molecular Biology Laboratory Institute of Biological Sciences, University of Rajshahi, 2005 |
| 504 ## - BIBLIOGRAPHY, ETC. NOTE | |
| Bibliography, etc | References : Leaves 92 - 97 |
| 650 ## - SUBJECT ADDED ENTRY--TOPICAL TERM | |
| Topical term or geographic name as entry element | Structural |
| Form subdivision | Forensic medicine |
| 9 (RLIN) | 3109 |
| Topical term or geographic name as entry element | Liver |
| Form subdivision | Kidney |
| 9 (RLIN) | 3110 |
| 700 ## - ADDED ENTRY--SUPERVISOR/CO-SUPERVISOR NAME | |
| Personal name | Hassan, Parvez, Principal Supervisor : |
| 9 (RLIN) | 3111 |
| Personal name | Rahman, M. Habibur, Co - Supervisor |
| 9 (RLIN) | 3112 |
| Personal name | Hossain, A K M Rownak, Co - Supervisor |
| 9 (RLIN) | 3113 |
| 942 ## - ADDED ENTRY ELEMENTS (KOHA) | |
| Source of classification or shelving scheme | Dewey Decimal Classification |
| Koha item type | Theses |
| Source of classification or shelving scheme | Damaged status | Not for loan | Collection code | Permanent Location | Current Location | Shelving location | Date of accession | Source of acquisition | Total Checkouts | Full call number | Barcode | Date last seen | Copy number | Thesis |
|---|---|---|---|---|---|---|---|---|---|---|---|---|---|---|
| Dewey Decimal Classification | Not For Loan | Theses | Central Library, University of Rajshahi | Central Library, University of Rajshahi | Documentation Section | 24/05/2006 | Controller of Exam. R.U | THE 614.1 OSS 2005 | D2522 | 22/05/2022 | C-1 | Theses |